000 00546nam a2200217Ia 4500
003 OSt
005 20220928141843.0
006 a|||||r|||| 00| 0
007 ta
008 220927b |||||||| |||| 00| 0 eng d
024 _a18081
037 _cTextual
040 _aSDCL
_cSDCL
_beng
041 _2eng
_aeng
082 _aO15:gxK75,1:g, L4
100 _aMaheswari Chinmayi
_9502495
245 0 _aRasgangadhar.
260 _c1974
942 _hO15:gxK75,1:g, L4
_cTEXL
_2CC
999 _c820350
_d820350